Principles of Muhammadan law / (Record no. 1160)
[ view plain ]
| 000 -LEADER | |
|---|---|
| fixed length control field | 00609cam a2200217 a 4500 |
| 001 - CONTROL NUMBER | |
| control field | 10624 |
| 003 - CONTROL NUMBER IDENTIFIER | |
| control field | BD-DhUAP |
| 005 - DATE AND TIME OF LATEST TRANSACTION | |
| control field | 20200203131524.0 |
| 008 - FIXED-LENGTH DATA ELEMENTS--GENERAL INFORMATION | |
| fixed length control field | 200203s2006 ii b 001 0 eng |
| 040 ## - CATALOGING SOURCE | |
| Original cataloging agency | DLC |
| Transcribing agency | DLC |
| Modifying agency | BD-DhUAP |
| Language of cataloging | Eng |
| 082 ## - DEWEY DECIMAL CLASSIFICATION NUMBER | |
| Edition number | 23 |
| Classification number | 340.59 JHA |
| 100 ## - MAIN ENTRY--PERSONAL NAME | |
| Personal name | Jhabvala, Noshirvan H. |
| 245 14 - TITLE STATEMENT | |
| Title | Principles of Muhammadan law / |
| Statement of responsibility, etc. | Noshirvan H. Jhabvala |
| 250 ## - EDITION STATEMENT | |
| Edition statement | 24th rev. ed. |
| 260 ## - PUBLICATION, DISTRIBUTION, ETC. | |
| Place of publication, distribution, etc. | Mumbai : |
| Name of publisher, distributor, etc. | C. Jamnadas & Co., |
| Date of publication, distribution, etc. | c2006. |
| 300 ## - PHYSICAL DESCRIPTION | |
| Extent | 172 pages ; |
| Dimensions | 25 cm. |
| 500 ## - GENERAL NOTE | |
| General note | Includes index. |
| 650 #0 - SUBJECT ADDED ENTRY--TOPICAL TERM | |
| Topical term or geographic name entry element | Islamic law. |
| 650 #0 - SUBJECT ADDED ENTRY--TOPICAL TERM | |
| Topical term or geographic name entry element | Domestic relations (Islamic law). |
| 942 ## - ADDED ENTRY ELEMENTS (KOHA) | |
| Source of classification or shelving scheme | |
| Koha item type | Book |
| Withdrawn status | Lost status | Source of classification or shelving scheme | Damaged status | Not for loan | Permanent Location | Current Location | Shelving location | Date acquired | Full call number | Barcode | Date last seen | Copy number | Price effective from | Koha item type | Total Checkouts | Date last checked out |
|---|---|---|---|---|---|---|---|---|---|---|---|---|---|---|---|---|
| UAP Central Library | UAP Central Library | General Stacks | 2020-02-03 | 340.59 JHA | 3010010624 | 2020-02-03 | 1 | 2020-02-03 | Book | |||||||
| UAP Central Library | UAP Central Library | General Stacks | 2020-02-03 | 340.59 JHA | 3010010623 | 2020-02-03 | 2 | 2020-02-03 | Book | |||||||
| UAP Central Library | UAP Central Library | General Stacks | 2020-02-03 | 340.59 JHA | 3010014253 | 2020-02-03 | 3 | 2020-02-03 | Book | |||||||
| UAP Central Library | UAP Central Library | General Stacks | 2020-02-03 | 340.59 JHA | 3010014254 | 2020-02-03 | 4 | 2020-02-03 | Book | |||||||
| UAP Central Library | UAP Central Library | General Stacks | 2020-02-03 | 340.59 JHA | 3010014255 | 2020-02-03 | 5 | 2020-02-03 | Book | |||||||
| UAP Central Library | UAP Central Library | General Stacks | 2020-02-03 | 340.59 JHA | 3010014257 | 2022-04-04 | 6 | 2020-02-03 | Book | 1 | 2022-02-22 | |||||
| UAP Central Library | UAP Central Library | General Stacks | 2020-02-03 | 340.59 JHA | 3010010625 | 2020-02-03 | 7 | 2020-02-03 | Book | |||||||
| UAP Central Library | UAP Central Library | General Stacks | 2020-02-03 | 340.59 JHA | 3010010622 | 2020-02-03 | 8 | 2020-02-03 | Book | |||||||
| UAP Central Library | UAP Central Library | General Stacks | 2020-02-03 | 340.59 JHA | 3010014256 | 2024-10-22 | 9 | 2020-02-03 | Book | 1 | 2024-10-17 |
Bengali Keyboard